书目信息 |
| 书名: | Lord jim | |
| 作者: | Joseph CONRAD. | |
| 分册号: | ||
| 分册名: | 出版地: | New York : |
|
| 出版社: | Penguin Books | |
| 出版时间: | 1994. | |
| 页数: | 313p ; | |
| 开本: | 18cm. | |
| 丛书名: | ||
| 中图分类号: | ||
| 科图分类号: | ||
| 其他分类号: | I561.074 | |
| 主题词: | ||
| 电子资源: | ||
| 000 | 00517nam0 2200193 450 | |
| 001 | 202012277765 | |
| 005 | 20121225085158.09 | |
| 008 | 20010101s | |
| 020 | @a978-0-140-62014-6 :@c£2.00. | |
| 041 | @aeng | |
| 099 | @a11340@b300113400@c£2.00@dI561.074@eJ833 | |
| 099 | @dI561.074@eJ833 | |
| 245 | 10 | @aLord jim / @cJoseph CONRAD. |
| 260 | 0 | @aNew York :@bPenguin Books,@c1994. |
| 300 | @a313p ;@c18cm. | |
| 650 | 0 | @a文学 |
| 905 | @b11339 | |
| 905 | @b11339-40 | |
| 905 | @aTSG@dI561.074@eJ833 | |
| Lord jim / / Joseph CONRAD.-New York : : Penguin Books, , 1994. |
| 313p ; ; 18cm. |
| ISBN 978-0-140-62014-6 :£2.00. |
| ● |
| 相关链接 |
|
|
|
正题名:Lord jim
索取号:I561.074/J833
 
预约/预借
| 序号 | 登录号 | 条形码 | 馆藏地/架位号 | 状态 | 备注 |
| 1 | 11339 | 300113393 | 文学库116/400A自科库 15排3列5层/ [索取号:/J833] | 在馆 |